000 00617nam a22002057a 4500
005 20260604162547.0
010 _aENG-148765
020 _a9789393757548
_c325.00
035 _aEN-132297
037 _bDBAD
082 _aS
100 _aAgavane, Manisha
_989318
245 _aAmazing Child Saylee/
_cManisha Agavane
250 _a1
260 _bVishwakarma Publications
_c2024
_aMaharashtra
270 _a34A/1, Suyog Center, 7th floor, Gultekedi Marketyard Road, Giridhar Bhavan Chowk,
_e411037
_bPune
_minfo@vpindia.co.in
300 _a205p.
_c22cm (pb)
942 _2ddc
_cEN
_hS
_mAGA
999 _c216515
_d216515